Meet for the Master's use. (Record no. 12691)

000 -LEADER
fixed length control field 00649nam a2200193 a 4500
001 - CONTROL NUMBER
control field :::00010505$&:&@@
003 - CONTROL NUMBER IDENTIFIER
control field OkBaRHE
005 - DATE AND TIME OF LATEST TRANSACTION
control field 20010308111022.0
008 - FIXED-LENGTH DATA ELEMENTS--GENERAL INFORMATION
fixed length control field j 000 0 eng u
040 ## - CATALOGING SOURCE
Transcribing agency
100 1# - MAIN ENTRY--PERSONAL NAME
Personal name Meyer, F. B. (Frederick Brotherton), 1847-1929.
245 10 - TITLE STATEMENT
Title Meet for the Master's use.
260 ## - PUBLICATION, DISTRIBUTION, ETC. (IMPRINT)
Place of publication, distribution, etc Chicago, IL., :
Name of publisher, distributor, etc Moody Press
300 ## - PHYSICAL DESCRIPTION
Extent 121 p. ;
Dimensions 17 cm.
650 ## - SUBJECT ADDED ENTRY--TOPICAL TERM
Topical term or geographic name as entry element Christian Life
942 ## - ADDED ENTRY ELEMENTS (KOHA)
Source of classification or shelving scheme
Koha item type Books
Copies
Permanent Location Lost status Price effective from Source of classification or shelving scheme Date acquired Copy number Date last seen Damaged status Barcode Shelving location Koha item type Withdrawn status Full call number Not for loan
RHEMA Bible Training College 2010-04-14 2010-04-1412010-04-14 10505General StacksBooks BV 4501 .M4 
RHEMA Bible Training College 2010-04-14 2010-04-1422010-04-14 16559General StacksBooks BV 4501 .M4